|
|
|
|
| LEADER |
00000nab a2200000 a 4500 |
| 001 |
vtls000510908 |
| 003 |
SK-MaSNL |
| 005 |
20260305041754.0 |
| 008 |
180331c1993 xo 0 ukr |
| 015 |
|
|
|a SNBRB19rr/mm-uuuuu
|
| 035 |
|
|
|a CL0511046
|
| 040 |
|
|
|a SNKBUCL
|b slo
|c SNKBUCL
|e AACR2
|
| 041 |
0 |
|
|a ukr
|
| 044 |
|
|
|a xo
|c SK
|
| 080 |
|
|
|a 943.76(=875)"11/17"
|2 1981
|
| 080 |
|
|
|a 940.1/.2(=875)"11/17"
|2 1981
|
| 100 |
1 |
|
|a Popovyč, Michal
|4 aut
|9 999877
|
| 245 |
1 |
0 |
|a Tvarjou k istoriji abo Nepravdy v "Storinkach" doc. A. Kovača
|c Michal Popovyč
|
| 500 |
|
|
|a Pokračovanie
|
| 650 |
0 |
7 |
|a Rusíni
|2 snkbucl
|9 4087
|
| 650 |
0 |
7 |
|a Rusíni na Slovensku
|2 snkbucl
|9 900441
|
| 651 |
|
7 |
|a 5400
|2 snkbucl
|9 279426
|
| 655 |
|
7 |
|a články z novín a časopisov
|2 snkbucl
|9 267496
|
| 700 |
1 |
|
|a Kováč, Andrej,
|d 1930-2015
|4 aut
|9 177702
|
| 773 |
0 |
|
|t Narodny novynky
|g Roč. 2, č. 33-34 (1993), s. 3
|
| 850 |
|
|
|a Slovenská národná knižnica v Martine
|a POA001
|
| 852 |
|
|
|a SNK
|b KIS3GCP
|
| 958 |
|
|
|a NX
|
| 958 |
|
|
|a RK
|
| 958 |
|
|
|a RN
|
| 992 |
|
|
|a RBX
|
| 999 |
|
|
|c 3344913
|d 3346843
|